| 000 | 00000nam##2200000za#4500 |
| 001 | 9.641419 |
| 003 | CaOODSP |
| 005 | 20250603085240 |
| 007 | cr ||||||||||| |
| 008 | 150407|2007||||xxc|||||o f|0| 0 fre|d |
| 040 | |aCaOODSP|bfre |
| 043 | |an-cn--- |
| 086 | 1 |aFD4-4/1-2007F-PDF |
| 110 | 2 |aCentre d'analyse des opérations et déclarations financières du Canada. |
| 245 | 10|aRétroaction sur la déclaration d'opérations douteuses : |h[ressource électronique]|bsecteur des casinos |
| 260 | |aOttawa - Ontario : |bCentre d'analyse des opérations et déclarations financières du Canada |cMars 2007. |
| 300 | |a9p.|bfigures, tableaux |
| 590 | |a13-06-Supp|b2013-03-19 |
| 691 | 07|aCasino|2gcpds |
| 691 | 07|aCrime économique|2gcpds |
| 775 | 08|tFeedback on suspicious transaction reporting : |w(CaOODSP)9.697364 |
| 856 | 40|ahttp://publications.gc.ca|qPDF|s55 Ko|uhttps://publications.gc.ca/collections/collection_2013/canafe-fintrac/FD4-4-1-2007-fra.pdf |